zpět

Detail výsledku týmu

Kayak Beach Bar , Praha

Datum a čas kvízu

41 Celkem bodů Celkový počet nahraných bodů na tomto kvízu bez doplňovacích otázek.
3. Pořadí na kvízu Konečné umístění týmu na tomto kvízu.

Zaznamenané odpovědi

# Otázka Odpověď Body Výsledky
1. Ve čtvrtek jsme se dozvěděli,... Rohlík.cz 1
2. Vláda jedné země chystá poměrn... Austrálie 1
3. Který bývalý člen kanceláře pr... Jiří Ovčáček 1
4. Řetězec Pepco se pod tlakem zá... C) zkušební kabiny 1
5. V úterý byly zveřejněny podrob... Tadej Pogačar, Spojené arabské emiráty 0.5
6. Napište názvy dvou filmů Zacka... 300: Bitva u Thermopyl, 300: Vzestup říše 0.5
7. Režisér a scenárista Otakar Vá... Proti všem 0
8. Německý film režiséra Edwarda... Na západní frontě klid, Erich Maria Remarque 1
9. Protektor je film režiséra Mar... Jana Plodková, Marek Daniel 1
10. Napište název filmu, z něhož p... Nepřítel před branami 1